| 000 | 00783nam a2200253Ia 4500 | ||
|---|---|---|---|
| 003 | OSt | ||
| 005 | 20220927103658.0 | ||
| 006 | a|||||r|||| 00| 0 | ||
| 007 | ta | ||
| 008 | 220926b |||||||| |||| 00| 0 eng d | ||
| 024 | _a124765 | ||
| 037 | _cReference Collections | ||
| 040 |
_aRTL _cRTL _beng |
||
| 041 |
_2eng _aeng |
||
| 082 | _a"W:28:(T), L2/UN" | ||
| 110 | _a"United Nations, Economic And Social Affairs (Deptt of-)" | ||
| 245 | 0 | _aTraining of public service trainers | |
| 260 |
_aNew _bYork United Nations USA _c1972 |
||
| 300 |
_a"iv, 117p." _ccm. |
||
| 650 |
_aPublic Administration _9361286 |
||
| 700 | _a"United Nations, Economic And Social Affairs (Deptt of-)" | ||
| 942 |
_h"W:28:(T), L2/UN" _cCC |
||
| 999 |
_c684681 _d684681 |
||